Prashasanik Evam Karyalayi Hindi: (Record no. 228909)

MARC details
000 -LEADER
fixed length control field 01695nam a22002537a 4500
005 - DATE AND TIME OF LATEST TRANSACTION
control field 20231003145608.0
008 - FIXED-LENGTH DATA ELEMENTS--GENERAL INFORMATION
fixed length control field 231003b ||||| |||| 00| 0 eng d
020 ## - INTERNATIONAL STANDARD BOOK NUMBER
International Standard Book Number 9789356380646
040 ## - CATALOGING SOURCE
Transcribing agency AL
041 ## - LANGUAGE CODE
Language code of text/sound track or separate title hin
082 ## - DEWEY DECIMAL CLASSIFICATION NUMBER
Edition number 23
Classification number H891.8
Item number DUBP
100 ## - MAIN ENTRY--PERSONAL NAME
Personal name Ramprakash Dubey: रामप्रकाश दुबे
100 ## - MAIN ENTRY--PERSONAL NAME
9 (RLIN) 135912
245 ## - TITLE STATEMENT
Title Prashasanik Evam Karyalayi Hindi:
Remainder of title प्रशासनिक एवं कार्यालयी हिन्दी
260 ## - PUBLICATION, DISTRIBUTION, ETC.
Place of publication, distribution, etc. Jaipur
Name of publisher, distributor, etc. Mark Publishers
Date of publication, distribution, etc. 2023
300 ## - PHYSICAL DESCRIPTION
Extent vi,310p.
Other physical details HB
Dimensions 23x16cm.
365 ## - TRADE PRICE
Source of price type code Hindi
Price type code 1526 A/P/2020
Price amount 2096.00
Currency code
Unit of pricing 2995.00
Price note 30%
Price effective from 11-09-2023
520 ## - SUMMARY, ETC.
Summary, etc. राष्ट्रभाषा हिन्दी <br/>हिंदी का वैश्विक स्वरूप <br/>कार्यालयी हिन्दी <br/>राष्ट्रभाषा हिन्दी का मानक स्वरूप <br/>प्रशासनिक (सरकारी) पत्राचार <br/>प्रतिवेदन <br/>संक्षेपण <br/>टीप्पणी एवं प्ररूपण <br/>अलेखन (मसौधा) के स्वरूप <br/>हिन्दी समाचार लेखन <br/>अनुवाद <br/>विज्ञापन
650 ## - SUBJECT ADDED ENTRY--TOPICAL TERM
Topical term or geographic name entry element Rashtrbhasha Hindi: राष्ट्रभाषा हिन्दी
9 (RLIN) 135858
650 ## - SUBJECT ADDED ENTRY--TOPICAL TERM
Topical term or geographic name entry element Sankshepan: संक्षेपण
9 (RLIN) 135859
650 ## - SUBJECT ADDED ENTRY--TOPICAL TERM
Topical term or geographic name entry element Prativedan: प्रतिवेदन
9 (RLIN) 135860
650 ## - SUBJECT ADDED ENTRY--TOPICAL TERM
Topical term or geographic name entry element Hindi Samachar Lekhan: हिन्दी समाचार लेखन
9 (RLIN) 135861
700 ## - ADDED ENTRY--PERSONAL NAME
Personal name DUBEY (Ramprakash): दुबे (रामप्रकाश)
9 (RLIN) 135862
942 ## - ADDED ENTRY ELEMENTS (KOHA)
Source of classification or shelving scheme Dewey Decimal Classification
Koha item type Book
Holdings
Withdrawn status Lost status Source of classification or shelving scheme Damaged status Not for loan Collection code Home library Current library Date acquired Source of acquisition Cost, normal purchase price Total Checkouts Full call number Barcode Date last seen Cost, replacement price Price effective from Koha item type
    Dewey Decimal Classification     Hindi St Aloysius Library St Aloysius Library 09/27/2023 Alka Prakashan, Kanpur-208007 2096.00   H891.8 DUBP 076832 10/03/2023 2995.00 10/03/2023 Book